5HLuxD.jpg

KING HENRY VIII SENIOR AND PRIMARY SCHOOL LIBRARY OPAC

The lost heir : (Record no. 5196)

000 -LEADER
fixed length control field 01550cam a2200385 i 4500
001 - CONTROL NUMBER
control field a1249114
003 - CONTROL NUMBER IDENTIFIER
control field OSt
005 - DATE AND TIME OF LATEST TRANSACTION
control field 20250825102151.0
008 - FIXED-LENGTH DATA ELEMENTS--GENERAL INFORMATION
fixed length control field 220726t20192019nyuab c 6 000 0 eng d
020 ## - INTERNATIONAL STANDARD BOOK NUMBER
International Standard Book Number 9780545942201
Qualifying information (paperback)
020 ## - INTERNATIONAL STANDARD BOOK NUMBER
International Standard Book Number 0545942209
Qualifying information (paperback)
040 ## - CATALOGING SOURCE
Original cataloging agency ESL
Language of cataloging eng
Transcribing agency TAE
Modifying agency TAE
-- KH8
Description conventions rda
042 ## - AUTHENTICATION CODE
Authentication code nbic
082 ## - DEWEY DECIMAL CLASSIFICATION NUMBER
Classification number FIC SUT
100 1# - MAIN ENTRY--PERSONAL NAME
Personal name Sutherland, Tui,
Dates associated with a name 1978-
Relator term author.
245 14 - TITLE STATEMENT
Title The lost heir :
Remainder of title the graphic novel /
Statement of responsibility, etc. by Tui T. Sutherland ; adapted by Barry Deutsch ; art by Mike Holmes ; color by Maarta Laiho.
250 ## - EDITION STATEMENT
Edition statement First edition.
264 #1 - PRODUCTION, PUBLICATION, DISTRIBUTION, MANUFACTURE, AND COPYRIGHT NOTICE
Place of production, publication, distribution, manufacture New York, NY :
Name of producer, publisher, distributor, manufacturer Graphix, an imprint of Scholastic,
Date of production, publication, distribution, manufacture, or copyright notice 2019.
264 #4 - PRODUCTION, PUBLICATION, DISTRIBUTION, MANUFACTURE, AND COPYRIGHT NOTICE
Date of production, publication, distribution, manufacture, or copyright notice ©2019.
300 ## - PHYSICAL DESCRIPTION
Extent 212 pages :
Other physical details color illustrations, color map ;
Dimensions 24 cm.
336 ## - CONTENT TYPE
Content type term text
Content type code txt
Source rdacontent.
336 ## - CONTENT TYPE
Content type term still image
Content type code sti
Source rdacontent.
337 ## - MEDIA TYPE
Media type term unmediated
Media type code n
Source rdamedia.
338 ## - CARRIER TYPE
Carrier type term volume
Carrier type code nc
Source rdacarrier.
490 1# - SERIES STATEMENT
Series statement Wings of fire ;
Volume/sequential designation Book two.
500 ## - GENERAL NOTE
General note Based on: The lost heir by Tui T. Sutherland.
520 ## - SUMMARY, ETC.
Summary, etc. Tsunami, heir to the SeaWing throne, is returning home for the first time since she was stolen as an egg, her mother, Queen Coral, welcomes her, but a mysterious assassin has been killing off her heirs for years.
521 1# - TARGET AUDIENCE NOTE
Target audience note Ages 8-12.
650 #0 - SUBJECT ADDED ENTRY--TOPICAL TERM
Topical term or geographic name entry element Dragons
Form subdivision Comic books, strips, etc.
650 #0 - SUBJECT ADDED ENTRY--TOPICAL TERM
Topical term or geographic name entry element Prophecies
Form subdivision Comic books, strips, etc.
700 1# - ADDED ENTRY--PERSONAL NAME
Personal name Deutsch, Barry,
Relator term adapter.
700 1# - ADDED ENTRY--PERSONAL NAME
Personal name Holmes, Mike
Titles and other words associated with a name (Comic book artist),
Relator term illustrator.
700 1# - ADDED ENTRY--PERSONAL NAME
Personal name Laiho, Maarta,
Relator term illustrator.
942 ## - ADDED ENTRY ELEMENTS (KOHA)
Source of classification or shelving scheme
Koha item type Graphic Novel
Holdings
Withdrawn status Lost status Source of classification or shelving scheme Damaged status Not for loan Collection code Permanent Location Current Location Shelving location Date acquired Total Checkouts Full call number Barcode Date due Date last seen Date last checked out Price effective from Koha item type
          Fiction KH8 Senior School Library KH8 Senior School Library Graphic Novel 2025-08-25 2 FIC SUT 3KHSL000102324 2026-04-16 2026-04-16 2026-04-16 2025-08-25 Graphic Novel

Powered By KH8 IT Dept